000 00408nam a2200181Ia 4500
005 20240823033241.0
008 240823s9999||||xx |||||||||||||| ||und||
041 _aENGLISH
082 _A813.54 Q0
100 _aRangarajan R K
245 0 _aTharmangal Sirikintana
250 _a1st
260 _c2010
_bAllians Co
500 _aYES
650 _aTamil Books
_bGeneral
942 _cBK
999 _c195365
_d195365